00325nam a2200145Ia 45000030006000000080041000060400015000471000027000622450010000892500006000992600037001053000006001425460014001480050017001620STCL150530s9999 xx 000 0 und d aSTCLcSTCL aSatheesh Kacherikadavu aJincy a1 bC I C C Book House ; Kochic2006 a0 aMalayalam20220125171601.0